| 000 | 00605cam a2200217 a 4500 | ||
|---|---|---|---|
| 020 | _a9780398079550 (hard) | ||
| 020 | _a0398079552 (hard) | ||
| 020 | _a9780398079567 (pbk.) | ||
| 020 | _a0398079560 (pbk.) | ||
| 040 | _cDLC | ||
| 082 | 0 | 0 | _a363 CCT 2010 C150 Or. |
| 100 | 1 | _aYereance, Robert A., | |
| 245 | 1 | 0 | _aElectrical fire analysis / |
| 250 | _a3rd ed | ||
| 260 |
_aSpringfield, Ill. : _bCharles C. Thomas, _cc2010 |
||
| 300 |
_axiii, 286 p. : _bill. ; _c27 cm |
||
| 650 | 0 | _aFire investigation | |
| 650 | 0 | _aElectric apparatus and appliances | |
| 700 | 1 | _aKerkhoff, Todd | |
| 942 | _cAEDBB | ||
| 999 |
_c18651 _d18651 |
||